Nhật ký Nguyễn Ngọc Tấn Nguyễn Thi ( 1953 - 1955 )
Giới thiệu cuốn nhật ký của nhà văn Nguyễn Ngọc Tấn (Nguyễn Thi) ghi vào các năm 1953-1955
Gorde:
| Egile nagusia: | |
|---|---|
| Formatua: | Liburua |
| Hizkuntza: | Vietnamese |
| Argitaratua: |
H.
Hội nhà văn
2005
|
| Gaiak: | |
| Etiketak: |
Etiketa erantsi
Etiketarik gabe, Izan zaitez lehena erregistro honi etiketa jartzen!
|
| Thư viện lưu trữ: | Mạng thư viện Đại học Đà Nẵng |
|---|
| LEADER | 01277nam a2200361 4500 | ||
|---|---|---|---|
| 001 | 000005863 | ||
| 003 | 2016 | ||
| 005 | 20120416080442.0 | ||
| 008 | 110823s2005 viesd | ||
| 020 | |c 24000đ | ||
| 041 | 0 | |a vie | |
| 082 | |a 895.9228 |b NG-T | ||
| 100 | 0 | |a Nguyễn Ngọc Tấn | |
| 245 | 0 | |a Nhật ký Nguyễn Ngọc Tấn |b Nguyễn Thi ( 1953 - 1955 ) |c Nguyễn Ngọc Tấn | |
| 260 | |a H. |b Hội nhà văn |c 2005 | ||
| 300 | |a 205 tr |c 19 cm | ||
| 500 | |a Tên thật tác giả: Nguyễn Thi | ||
| 520 | |a Giới thiệu cuốn nhật ký của nhà văn Nguyễn Ngọc Tấn (Nguyễn Thi) ghi vào các năm 1953-1955 | ||
| 653 | |a Văn học hiện đại | ||
| 653 | |a Việt Nam | ||
| 653 | |a Nhà văn | ||
| 653 | |a Nguyễn thi | ||
| 910 | |a Nguyễn Thị Kim Oanh |d 23/08/2011 | ||
| OWN | |a LSP | ||
| AVA | |a UDN50 |b LSP |d 895.9228 NG-T |e available |t Error 5001 Not defined in file expand_doc_bib_avail. |f 5 |g 0 |h N |i 0 |k 1 | ||
| 999 | |a From the UDN01 | ||
| AVA | |a UDN50 |b LSP |d 895.9228 NG-T |e available |t Error 5001 Not defined in file expand_doc_bib_avail. |f 5 |g 0 |h N |i 0 |k 1 | ||
| TYP | |a Monograph | ||
| TYP | |a Printed language | ||
| 980 | |a Mạng thư viện Đại học Đà Nẵng | ||